[Event "Mittelfranken Landesliga Nord 2122"]
[Site "Mittelfranken"]
[Date "2022.05.15"]
[Round "5.8"]
[White "Mikuta, Alexander"]
[Black "Ernst, Mathias"]
[Result "1-0"]
[WhiteElo "2021"]
[BlackElo "1783"]
[PlyCount "43"]
[EventDate "2021.10.24"]
[EventType "team-tourn"]
[EventRounds "9"]
[EventCountry "GER"]
[SourceTitle "EXT 2024"]
[Source "ChessBase"]
[SourceDate "2023.10.10"]
[SourceVersion "1"]
[SourceVersionDate "2023.10.10"]
[SourceQuality "1"]
[WhiteTeam "Bamberg"]
[BlackTeam "Erlangen II"]
[WhiteTeamCountry "GER"]
[BlackTeamCountry "GER"]

1. d4 d5 2. Bf4 Nf6 3. e3 e6 4. Bd3 Be7 5. Nd2 b6 6. c3 0-0 7. h4 c5 8. Ngf3 Ba6 9. Bc2 Nc6 10. Ne5 Rc8 11. Ndf3 cxd4 12. exd4 Nxe5 13. dxe5 Ne4 14. Ng5 Qc7 15. Qh5 h6 16. Nxe4 dxe4 17. Bxh6 gxh6 18. Rh3 Qc4 19. 0-0-0 Rfd8 20. Qxh6 Rxd1+ 21. Bxd1 Bg5+ 22. hxg5 1-0

[Event "Regionalliga Nord-West 1819"]
[Site "Bayern"]
[Date "2019.02.24"]
[Round "7.3"]
[White "Assmann, Norbert"]
[Black "Mikuta, Alexander"]
[Result "0-1"]
[WhiteElo "1924"]
[BlackElo "2012"]
[PlyCount "70"]
[EventDate "2018.10.21"]
[EventType "team-tourn"]
[EventRounds "9"]
[EventCountry "GER"]
[SourceTitle "EXT 2022"]
[Source "ChessBase"]
[SourceDate "2021.10.06"]
[SourceVersion "1"]
[SourceVersionDate "2021.10.06"]
[SourceQuality "1"]
[WhiteTeam "Sailauf"]
[BlackTeam "Bamberg SC II"]
[WhiteTeamCountry "GER"]
[BlackTeamCountry "GER"]

1. Nf3 Nf6 2. g3 d5 3. Bg2 c6 4. 0-0 Nbd7 5. d4 e6 6. c4 Bd6 7. Nc3 0-0 8. Bf4 Bxf4 9. gxf4 dxc4 10. Ne5 Nd5 11. e3 Nxe5 12. fxe5 f5 13. Qe2 b5 14. f4 a5 15. Rad1 Ba6 16. e4 fxe4 17. Nxe4 Qh4 18. Nc5 Bc8 19. Qd2 Ra7 20. Rf3 Raf7 21. Rdf1 Nxf4 22. Kh1 Nxg2 23. Rxf7 Rxf7 24. Rxf7 Kxf7 25. Kxg2 Qg4+ 26. Kf1 Qf3+ 27. Kg1 b4 28. a3 c3 29. bxc3 bxc3 30. Qd3 Qxd3 31. Nxd3 Ba6 32. Ne1 Kg6 33. Kf2 Kf5 34. Ke3 g5 35. Nc2 h5 0-1

[Event "Regionalliga Nord-West 1819"]
[Site "Bayern"]
[Date "2019.02.03"]
[Round "6.4"]
[White "Herbst, Christoph"]
[Black "Mikuta, Alexander"]
[Result "1/2-1/2"]
[WhiteElo "2015"]
[BlackElo "2012"]
[PlyCount "26"]
[EventDate "2018.10.21"]
[EventType "team-tourn"]
[EventRounds "9"]
[EventCountry "GER"]
[SourceTitle "EXT 2022"]
[Source "ChessBase"]
[SourceDate "2021.10.06"]
[SourceVersion "1"]
[SourceVersionDate "2021.10.06"]
[SourceQuality "1"]
[WhiteTeam "Bad Neustadt"]
[BlackTeam "Bamberg SC II"]
[WhiteTeamCountry "GER"]
[BlackTeamCountry "GER"]

1. e4 c5 2. c3 Nf6 3. e5 Nd5 4. d4 cxd4 5. cxd4 d6 6. Nf3 e6 7. Nc3 dxe5 8. Nxe5 Nxc3 9. bxc3 Bd6 10. f4 0-0 11. Bd3 Qh4+ 12. g3 Qe7 13. 0-0 Nd7 1/2-1/2

[Event "Regionalliga Nord-West 1819"]
[Site "Bayern"]
[Date "2019.01.20"]
[Round "5.6"]
[White "Mikuta, Alexander"]
[Black "Schmitt, Guenter"]
[Result "1/2-1/2"]
[WhiteElo "2012"]
[BlackElo "1958"]
[PlyCount "46"]
[EventDate "2018.10.21"]
[EventType "team-tourn"]
[EventRounds "9"]
[EventCountry "GER"]
[SourceTitle "EXT 2022"]
[Source "ChessBase"]
[SourceDate "2021.10.06"]
[SourceVersion "1"]
[SourceVersionDate "2021.10.06"]
[SourceQuality "1"]
[WhiteTeam "Bamberg SC II"]
[BlackTeam "Rottendorf"]
[WhiteTeamCountry "GER"]
[BlackTeamCountry "GER"]

1. e4 c5 2. Nf3 d6 3. g3 Nc6 4. Bg2 Nf6 5. d3 g6 6. Nbd2 Bg7 7. c3 e5 8. Qe2 0-0 9. 0-0 Re8 10. h4 h6 11. Re1 Bg4 12. Nf1 Qd7 13. Kh2 b5 14. Ne3 Be6 15. Nd2 Rab8 16. f4 Ng4+ 17. Nxg4 Bxg4 18. Qf2 exf4 19. gxf4 f5 20. Nf1 b4 21. c4 Nd4 22. Ne3 h5 23. exf5 gxf5 1/2-1/2

[Event "Landesliga Nord 1617"]
[Site "Bayern"]
[Date "2017.04.30"]
[Round "9.7"]
[White "Mikuta, Alexander"]
[Black "Zuehlke, Burkhard"]
[Result "0-1"]
[WhiteElo "1992"]
[BlackElo "1912"]
[PlyCount "112"]
[EventDate "2016.10.16"]
[EventType "team-tourn"]
[EventRounds "9"]
[EventCountry "GER"]
[SourceTitle "EXT 2019"]
[Source "ChessBase"]
[SourceDate "2018.10.10"]
[SourceVersion "1"]
[SourceVersionDate "2018.10.10"]
[SourceQuality "1"]
[WhiteTeam "Bamberg SC"]
[BlackTeam "Zirndorf"]
[WhiteTeamCountry "GER"]
[BlackTeamCountry "GER"]

1. d4 Nf6 2. c4 g6 3. Nc3 Bg7 4. e4 d6 5. Be2 0-0 6. g4 e5 7. d5 a5 8. h4 Na6 9. Be3 Nc5 10. f3 Bd7 11. h5 Qe7 12. hxg6 fxg6 13. Bg5 Qf7 14. Qd2 a4 15. Nh3 Rfd8 16. Rh2 Qf8 17. Nf2 Be8 18. 0-0-0 Rd7 19. Rdh1 Rf7 20. Nd3 b6 21. Nb4 Bd7 22. Bd1 Qe8 23. Rh4 Bc8 24. Qh2 Qd7 25. Be2 Bb7 26. Qg3 Re8 27. Bxf6 Bxf6 28. g5 Bd8 29. Kb1 Qe7 30. Qh2 Rg7 31. Nc6 Qf7 32. Nxd8 Rxd8 33. Bd1 Ra8 34. f4 exf4 35. Rxf4 Qe7 36. Rhf1 Qxg5 37. Qf2 Qe7 38. Bc2 Ba6 39. e5 dxe5 40. d6 Qxd6 41. Rf6 Qd8 42. b3 axb3 43. axb3 Bb7 44. b4 Nd7 45. Rf7 Qe8 46. Rxg7+ Kxg7 47. Ne4 Qe7 48. Qd2 Rf8 49. Rd1 Bxe4 50. Bxe4 Nf6 51. Bc2 c5 52. Rh1 Kg8 53. Rg1 e4 54. Qe3 Qe5 55. Rg5 Qd4 56. Qg3 Ra8 0-1

[Event "Landesliga Nord 1516"]
[Site "Bayern"]
[Date "2015.11.15"]
[Round "3.7"]
[White "Finster, Michael"]
[Black "Mikuta, Alexander"]
[Result "1-0"]
[WhiteElo "2067"]
[BlackElo "2007"]
[PlyCount "53"]
[EventDate "2015.10.11"]
[EventType "team-tourn"]
[EventRounds "9"]
[EventCountry "GER"]
[SourceTitle "EXT 2018"]
[Source "ChessBase"]
[SourceDate "2017.10.13"]
[SourceVersion "1"]
[SourceVersionDate "2017.10.13"]
[SourceQuality "1"]
[WhiteTeam "Herzogenaurach"]
[BlackTeam "Bamberg SC"]
[WhiteTeamCountry "GER"]
[BlackTeamCountry "GER"]

1. e4 c5 2. Nc3 Nc6 3. g3 d6 4. Bg2 e5 5. d3 Nf6 6. h3 Be7 7. Nge2 Bd7 8. 0-0 Qc8 9. Kh2 h5 10. Nd5 Nxd5 11. exd5 Nd4 12. Nxd4 cxd4 13. f4 f6 14. Bd2 g5 15. fxg5 fxg5 16. Qf3 Kd8 17. Qf7 h4 18. g4 Qxc2 19. Qg7 Re8 20. Bxg5 Qxd3 21. Rf7 Qg3+ 22. Kh1 Rc8 23. Bxe7+ Rxe7 24. Rxe7 Rc2 25. Rxd7+ Kc8 26. Rg1 d3 27. Qe7 1-0

[Event "Landesliga Nord 1415"]
[Site "Bayern"]
[Date "2014.11.23"]
[Round "3.8"]
[White "Rein, Iwan"]
[Black "Mikuta, Alexander"]
[Result "1-0"]
[WhiteElo "2078"]
[BlackElo "2007"]
[PlyCount "93"]
[EventDate "2014.10.19"]
[EventType "team-tourn"]
[EventRounds "9"]
[EventCountry "GER"]
[SourceTitle "EXT 2018"]
[Source "ChessBase"]
[SourceDate "2017.10.13"]
[SourceVersion "1"]
[SourceVersionDate "2017.10.13"]
[SourceQuality "1"]
[WhiteTeam "Bindlach Aktionaer II"]
[BlackTeam "Bamberg SC"]
[WhiteTeamCountry "GER"]
[BlackTeamCountry "GER"]

1. d4 Nf6 2. c4 g6 3. Nc3 Bg7 4. e4 d6 5. Bd3 e5 6. d5 Nbd7 7. Nge2 a5 8. h3 Nc5 9. Bc2 h5 10. Bg5 Bd7 11. Qd2 Qb8 12. a4 Ng8 13. 0-0 f6 14. Be3 g5 15. Rad1 Qc8 16. Nb5 b6 17. Ng3 Ne7 18. Nf5 Nxf5 19. exf5 Na6 20. Bxb6 Bh6 21. g4 Bxb5 22. cxb5 cxb6 23. bxa6 hxg4 24. hxg4 Qc4 25. f3 Rc8 26. Rc1 Rc5 27. Be4 Qxa6 28. Rxc5 bxc5 29. Rc1 Bf8 30. Bd3 Qa7 31. Bb5+ Kf7 32. Kg2 Be7 33. Rh1 Rxh1 34. Kxh1 Kg7 35. Qh2 Qa8 36. Qh5 Qh8 37. Qxh8+ Kxh8 38. Kg1 Bd8 39. Kf2 Kg7 40. Ke2 Bb6 41. Kd3 Kf7 42. Kc4 Ke7 43. Bc6 Bc7 44. Kb5 Bd8 45. b3 Kf7 46. Bd7 Ke7 47. Kc6 1-0

[Event "Regionalliga NW 1011"]
[Site "Bayern"]
[Date "2011.03.20"]
[Round "8.2"]
[White "Mikuta, Alexander"]
[Black "Schwarzmann, Tobias"]
[Result "1-0"]
[WhiteElo "1963"]
[BlackElo "1978"]
[PlyCount "85"]
[EventDate "2010.10.10"]
[EventType "team-tourn"]
[EventRounds "9"]
[EventCountry "GER"]
[SourceTitle "EXT 2012"]
[Source "ChessBase"]
[SourceDate "2011.11.24"]
[SourceVersion "1"]
[SourceVersionDate "2011.11.24"]
[SourceQuality "1"]
[WhiteTeam "Bamberg II"]
[BlackTeam "Hoechstadt/Aisch"]
[WhiteTeamCountry "GER"]
[BlackTeamCountry "GER"]

1. e4 e5 2. Nf3 Nc6 3. Bb5 a6 4. Ba4 Nf6 5. d3 d6 6. c3 Be7 7. Nbd2 0-0 8. 0-0 Bg4 9. h3 Bh5 10. Re1 b5 11. Bc2 Nd7 12. Nf1 Bh4 13. g4 Bg6 14. Be3 Be7 15. Ng3 Re8 16. Kh2 Nf8 17. Bb3 Na5 18. Bc2 Ne6 19. b4 Nb7 20. Bb3 c6 21. Qd2 Qd7 22. a3 a5 23. Nf5 f6 24. N3h4 Bf7 25. Nxe7+ Qxe7 26. Nf5 Qc7 27. Rg1 Kh8 28. Rg3 Bg6 29. Rag1 Nbd8 30. g5 d5 31. gxf6 gxf6 32. Bb6 Qxb6 33. Rxg6 Nf4 34. Rxf6 Nde6 35. Nd6 Rf8 36. Nf7+ Rxf7 37. Rxf7 Rg8 38. Rxg8+ Kxg8 39. Rf5 Qc7 40. Qe3 Qg7 41. Qg3 Qxg3+ 42. fxg3 Nxd3 43. exd5 1-0

[Event "Regionalliga NW 1011"]
[Site "Bayern"]
[Date "2011.02.27"]
[Round "7.2"]
[White "Mikuta, Alexander"]
[Black "Kopp, Andre"]
[Result "0-1"]
[WhiteElo "1963"]
[BlackElo "2159"]
[PlyCount "68"]
[EventDate "2010.10.10"]
[EventType "team-tourn"]
[EventRounds "9"]
[EventCountry "GER"]
[SourceTitle "EXT 2012"]
[Source "ChessBase"]
[SourceDate "2011.11.24"]
[SourceVersion "1"]
[SourceVersionDate "2011.11.24"]
[SourceQuality "1"]
[WhiteTeam "Bamberg II"]
[BlackTeam "Marktleuthen"]
[WhiteTeamCountry "GER"]
[BlackTeamCountry "GER"]

1. d4 Nf6 2. Nf3 g6 3. g3 Bg7 4. Bg2 d6 5. 0-0 0-0 6. Re1 Nbd7 7. e4 e5 8. c3 Re8 9. Qc2 c6 10. Nbd2 Qc7 11. Nf1 b5 12. Bg5 Bb7 13. Rac1 Nb6 14. h4 a5 15. N1h2 a4 16. Bf1 Nbd7 17. g4 h6 18. Bd2 d5 19. exd5 e4 20. Ne5 Nxe5 21. dxe5 Qxe5 22. dxc6 Bxc6 23. Bg2 Qe6 24. g5 Nh5 25. f3 Be5 26. Ng4 exf3 27. Nxe5 f2+ 28. Kxf2 Bxg2 29. Kxg2 Qd5+ 30. Nf3 Qd6 31. Rxe8+ Rxe8 32. Be1 Nf4+ 33. Kh1 Qd5 34. Qf2 Nd3 0-1

[Event "Regionalliga NW 1011"]
[Site "Bayern"]
[Date "2011.01.16"]
[Round "5.2"]
[White "Mikuta, Alexander"]
[Black "Urytskyy, Arkadiy"]
[Result "0-1"]
[WhiteElo "1963"]
[BlackElo "2103"]
[PlyCount "102"]
[EventDate "2010.10.10"]
[EventType "team-tourn"]
[EventRounds "9"]
[EventCountry "GER"]
[SourceTitle "EXT 2012"]
[Source "ChessBase"]
[SourceDate "2011.11.24"]
[SourceVersion "1"]
[SourceVersionDate "2011.11.24"]
[SourceQuality "1"]
[WhiteTeam "Bamberg II"]
[BlackTeam "Kirchenlaibach"]
[WhiteTeamCountry "GER"]
[BlackTeamCountry "GER"]

1. e4 d6 2. Nf3 Nf6 3. d3 c5 4. g3 g6 5. Bg2 Bg7 6. Nbd2 0-0 7. 0-0 Nc6 8. Re1 Qc7 9. Nf1 Rb8 10. Ne3 e6 11. h4 e5 12. Nh2 Be6 13. f4 Qd7 14. Qf3 h5 15. f5 gxf5 16. exf5 Nd4 17. Qf2 Nxf5 18. Nxf5 Bxf5 19. Rf1 Bg6 20. Bg5 Nh7 21. Be3 Rbe8 22. Rad1 f5 23. Bd5+ Kh8 24. Qg2 Re7 25. b4 Nf6 26. bxc5 dxc5 27. Bb3 b6 28. Bg5 Rfe8 29. a4 Bf7 30. Qf3 Bxb3 31. cxb3 Ng4 32. a5 Re6 33. Rd2 Rd6 34. axb6 axb6 35. Rfd1 Rd4 36. Be3 Rb4 37. Rb1 Qd6 38. Bg5 Bh6 39. Bxh6 Qxh6 40. Qe2 Qd6 41. Ra2 Qd4+ 42. Kg2 Qd5+ 43. Kg1 Rd8 44. Rf1 e4 45. Nxg4 hxg4 46. Qd2 Qd4+ 47. Kh1 e3 48. Qc1 Qxd3 49. Ra7 Qe4+ 50. Kg1 Rd2 51. Qa1+ Rbd4 0-1

[Event "Landesliga Nord 0910"]
[Site "Bayern"]
[Date "2010.04.11"]
[Round "9.7"]
[White "Mikuta, Alexander"]
[Black "Stoeckl, Stephan"]
[Result "0-1"]
[WhiteElo "1978"]
[BlackElo "2046"]
[PlyCount "56"]
[EventDate "2009.10.18"]
[EventType "team-tourn"]
[EventRounds "9"]
[EventCountry "GER"]
[SourceTitle "EXT 2011"]
[Source "ChessBase"]
[SourceDate "2010.11.26"]
[SourceVersion "1"]
[SourceVersionDate "2010.11.26"]
[SourceQuality "1"]
[WhiteTeam "Bamberg"]
[BlackTeam "Schwandorf"]
[WhiteTeamCountry "GER"]
[BlackTeamCountry "GER"]

1. d4 Nf6 2. Nf3 e6 3. c4 b6 4. Nc3 Bb7 5. Bg5 Be7 6. Qc2 d6 7. e4 h6 8. Bd2 0-0 9. 0-0-0 Nbd7 10. Ne1 e5 11. d5 a5 12. h3 Nc5 13. g3 c6 14. f4 Nfd7 15. Nf3 cxd5 16. cxd5 Bf6 17. f5 Rc8 18. g4 Bg5 19. Nxg5 hxg5 20. h4 Nf6 21. Re1 Ncxe4 22. Rxe4 Bxd5 23. Bxg5 Bxe4 24. Bxf6 Bxc2 25. Bxd8 Be4 26. Be7 Bxh1 27. Bxf8 Kxf8 28. Kd2 Ke7 0-1

[Event "Landesliga Nord 0910"]
[Site "Bayern"]
[Date "2010.01.24"]
[Round "5.6"]
[White "Mikuta, Alexander"]
[Black "Redzepovic, Irfan"]
[Result "1/2-1/2"]
[WhiteElo "1978"]
[BlackElo "2070"]
[PlyCount "139"]
[EventDate "2009.10.18"]
[EventType "team-tourn"]
[EventRounds "9"]
[EventCountry "GER"]
[SourceTitle "EXT 2011"]
[Source "ChessBase"]
[SourceDate "2010.11.26"]
[SourceVersion "1"]
[SourceVersionDate "2010.11.26"]
[SourceQuality "1"]
[WhiteTeam "Bamberg"]
[BlackTeam "Nuernberg Sued SW"]
[WhiteTeamCountry "GER"]
[BlackTeamCountry "GER"]

1. Nf3 Nf6 2. g3 d5 3. Bg2 c6 4. 0-0 Bg4 5. d3 Nbd7 6. Nbd2 e5 7. e4 Bd6 8. c3 0-0 9. h3 Bh5 10. g4 Bg6 11. Nh4 Nc5 12. Nxg6 hxg6 13. exd5 cxd5 14. Nb3 Ne6 15. d4 e4 16. f4 Qc7 17. Qd2 Rfe8 18. Qf2 a5 19. Be3 a4 20. Nd2 a3 21. b3 Qxc3 22. f5 gxf5 23. Rac1 Qd3 24. gxf5 Nxd4 25. Bxd4 e3 26. Bxe3 Rxe3 27. Rfd1 Bg3 28. Qf1 Re2 29. Nc4 dxc4 30. Rxd3 cxd3 31. Bf3 Rae8 32. Bxe2 dxe2 33. Qf3 e1Q+ 34. Rxe1 Rxe1+ 35. Kg2 Bh4 36. b4 Re5 37. Qxa3 Rxf5 38. Qa8+ Kh7 39. Qxb7 Rf2+ 40. Kg1 Rxa2 41. Qxf7 Rb2 42. Qc4 Bf2+ 43. Kf1 Bb6 44. b5 Rd2 45. Qc6 Nd5 46. Qe8 Rd1+ 47. Ke2 Nc3+ 48. Kf3 Rd3+ 49. Kg2 Rd5 50. Qc6 Rg5+ 51. Kf3 Nd5 52. Ke4 Bg1 53. Kf3 Rf5+ 54. Ke4 g6 55. Qc8 Nf6+ 56. Kd3 Rxb5 57. Qc7+ Kh8 58. Qf7 Rd5+ 59. Kc2 Rc5+ 60. Kb3 Bd4 61. Qxg6 Rc3+ 62. Ka4 Rxh3 63. Qf5 Rh7 64. Qc8+ Ng8 65. Qg4 Bf6 66. Qf5 Kg7 67. Qg4+ Kf7 68. Qc4+ Kf8 69. Qc8+ Kf7 70. Qc4+ 1/2-1/2

[Event "Oberliga Bayern 0809"]
[Site "Bayern"]
[Date "2009.03.15"]
[Round "8.8"]
[White "Mikuta, Alexander"]
[Black "Schmid, Michael1111"]
[Result "1-0"]
[WhiteElo "1965"]
[BlackElo "2141"]
[PlyCount "69"]
[EventDate "2008.10.05"]
[EventType "team-tourn"]
[EventRounds "9"]
[EventCountry "GER"]
[SourceTitle "EXT 2020"]
[Source "ChessBase"]
[SourceDate "2019.10.17"]
[SourceVersion "1"]
[SourceVersionDate "2019.10.17"]
[SourceQuality "1"]
[WhiteTeam "Bamberg SC"]
[BlackTeam "Koenigshofen"]
[WhiteTeamCountry "GER"]
[BlackTeamCountry "GER"]

1. e4 c6 2. d3 d5 3. Nd2 dxe4 4. dxe4 e5 5. Ngf3 Bc5 6. g3 Nf6 7. Bg2 Bg4 8. 0-0 Qe7 9. Qe2 Nbd7 10. a3 a5 11. Nc4 0-0 12. Ne3 Bxe3 13. Qxe3 Rfd8 14. h3 Be6 15. Re1 h6 16. b3 Ne8 17. Bb2 f6 18. Nh4 Qc5 19. Qe2 Nc7 20. a4 b5 21. Ba3 b4 22. Bc1 Qc3 23. Be3 c5 24. Nf5 c4 25. Qg4 Bxf5 26. exf5 h5 27. Qxh5 Ra6 28. Rad1 cxb3 29. Qg6 Nf8 30. Rxd8 Qxe1+ 31. Kh2 Qxe3 32. fxe3 b2 33. Bd5+ Re6 34. fxe6 Nxd5 35. Rxf8+ 1-0

[Event "Oberliga Bayern 0809"]
[Site "Bayern"]
[Date "2008.12.14"]
[Round "4.8"]
[White "Mikuta, Alexander"]
[Black "Stocker, Rupert"]
[Result "1-0"]
[WhiteElo "1965"]
[BlackElo "2045"]
[PlyCount "61"]
[EventDate "2008.10.05"]
[EventType "team-tourn"]
[EventRounds "9"]
[EventCountry "GER"]
[SourceTitle "EXT 2020"]
[Source "ChessBase"]
[SourceDate "2019.10.17"]
[SourceVersion "1"]
[SourceVersionDate "2019.10.17"]
[SourceQuality "1"]
[WhiteTeam "Bamberg SC"]
[BlackTeam "Groebenzell"]
[WhiteTeamCountry "GER"]
[BlackTeamCountry "GER"]

1. e4 c6 2. d3 d5 3. Nd2 g6 4. g3 Bg7 5. Bg2 Nf6 6. Ngf3 dxe4 7. dxe4 Na6 8. 0-0 Nc5 9. Qe2 0-0 10. Re1 Qc7 11. e5 Nd5 12. a3 Bg4 13. Qc4 Bxf3 14. Nxf3 Ne6 15. h4 Qb6 16. h5 Qc5 17. Qe4 a5 18. c4 Nb6 19. Be3 Qxc4 20. Bxb6 Qb3 21. Bd4 Rfd8 22. Bc3 Nc5 23. Qh4 Nd3 24. Re2 b5 25. hxg6 hxg6 26. Ng5 b4 27. Qh7+ Kf8 28. e6 bxc3 29. exf7 e5 30. Qg8+ Ke7 31. f8Q+ 1-0

[Event "Oberliga Bayern 0809"]
[Site "Bayern"]
[Date "2008.11.30"]
[Round "3.8"]
[White "Jussupow, Ekaterina"]
[Black "Mikuta, Alexander"]
[Result "1-0"]
[WhiteElo "2180"]
[BlackElo "1965"]
[PlyCount "57"]
[EventDate "2008.10.05"]
[EventType "team-tourn"]
[EventRounds "9"]
[EventCountry "GER"]
[SourceTitle "EXT 2020"]
[Source "ChessBase"]
[SourceDate "2019.10.17"]
[SourceVersion "1"]
[SourceVersionDate "2019.10.17"]
[SourceQuality "1"]
[WhiteTeam "Krumbach"]
[BlackTeam "Bamberg SC"]
[WhiteTeamCountry "GER"]
[BlackTeamCountry "GER"]

1. d4 Nf6 2. Nf3 e6 3. Bg5 h6 4. Bh4 d5 5. e3 Nbd7 6. Bd3 c5 7. c3 Be7 8. Nbd2 cxd4 9. exd4 a6 10. 0-0 b5 11. Ne5 Nxe5 12. dxe5 Nd7 13. Bg3 Bh4 14. Qh5 Bxg3 15. fxg3 Qe7 16. Rxf7 Qg5 17. Bg6 Kd8 18. Qxg5+ hxg5 19. Re1 Rb8 20. Nf3 Nf8 21. Rxg7 Nxg6 22. Rxg6 b4 23. Nxg5 Ke7 24. Rg7+ Kf8 25. Rf7+ Ke8 26. Ref1 bxc3 27. bxc3 Rg8 28. Nh7 Kd8 29. c4 1-0

[Event "Oberliga Bayern 0809"]
[Site "Bayern"]
[Date "2008.10.26"]
[Round "2.7"]
[White "Alm, Christopher"]
[Black "Mikuta, Alexander"]
[Result "1/2-1/2"]
[WhiteElo "1990"]
[BlackElo "1965"]
[PlyCount "27"]
[EventDate "2008.10.05"]
[EventType "team-tourn"]
[EventRounds "9"]
[EventCountry "GER"]
[SourceTitle "EXT 2020"]
[Source "ChessBase"]
[SourceDate "2019.10.17"]
[SourceVersion "1"]
[SourceVersionDate "2019.10.17"]
[SourceQuality "1"]
[WhiteTeam "Wuerzburg"]
[BlackTeam "Bamberg SC"]
[WhiteTeamCountry "GER"]
[BlackTeamCountry "GER"]

1. d4 Nf6 2. Bg5 Ne4 3. Bf4 d5 4. e3 e6 5. Bd3 Nd6 6. c3 Nd7 7. Nd2 h6 8. e4 Nxe4 9. Nxe4 dxe4 10. Bxe4 Nf6 11. Bc2 Bd6 12. Bg3 Bxg3 13. hxg3 Bd7 14. Nf3 1/2-1/2

[Event "Regionalliga NW 0708"]
[Site "Bayern"]
[Date "2008.02.17"]
[Round "6.1"]
[White "Englert, Fabian"]
[Black "Mikuta, Alexander"]
[Result "1-0"]
[WhiteElo "2174"]
[BlackElo "1988"]
[PlyCount "89"]
[EventDate "2007.10.21"]
[EventType "team-tourn"]
[EventRounds "9"]
[EventCountry "GER"]
[SourceTitle "EXT 2009"]
[Source "ChessBase"]
[SourceDate "2008.11.26"]
[SourceVersion "1"]
[SourceVersionDate "2008.11.26"]
[SourceQuality "1"]
[WhiteTeam "Klingenberg"]
[BlackTeam "Bamberg II"]
[WhiteTeamCountry "GER"]
[BlackTeamCountry "GER"]

1. d4 Nf6 2. c4 g6 3. Nc3 Bg7 4. e4 d6 5. Nf3 0-0 6. Be2 e5 7. 0-0 Nc6 8. d5 Ne7 9. Ne1 Ne8 10. Be3 f5 11. f3 f4 12. Bf2 g5 13. c5 Rf7 14. cxd6 cxd6 15. Nb5 a6 16. Na3 b5 17. Nac2 Bd7 18. a4 bxa4 19. Nb4 Bb5 20. Na2 Nf6 21. Nc3 Rb8 22. Nxa4 g4 23. Bxb5 axb5 24. Nc3 Bh6 25. Kh1 Rg7 26. Qd3 Qe8 27. Bh4 Bg5 28. Bxg5 Rxg5 29. fxg4 Nxg4 30. Nf3 Rh5 31. Ra5 Ne3 32. Rf2 b4 33. Nd1 Ng4 34. Re2 Rc8 35. Ra1 Qd8 36. Nf2 Ne3 37. Rxe3 fxe3 38. Ng4 Ng6 39. Qxe3 Rc2 40. Nh6+ Rxh6 41. Qxh6 Qf8 42. Qh5 Nf4 43. Qg4+ Kh8 44. Ng5 h5 45. Qd7 1-0

[Event "Regionalliga NW 0708"]
[Site "Bayern"]
[Date "2007.12.09"]
[Round "4.1"]
[White "Wunder, Horst"]
[Black "Mikuta, Alexander"]
[Result "1/2-1/2"]
[WhiteElo "2099"]
[BlackElo "1988"]
[PlyCount "59"]
[EventDate "2007.10.21"]
[EventType "team-tourn"]
[EventRounds "9"]
[EventCountry "GER"]
[SourceTitle "EXT 2009"]
[Source "ChessBase"]
[SourceDate "2008.11.26"]
[SourceVersion "1"]
[SourceVersionDate "2008.11.26"]
[SourceQuality "1"]
[WhiteTeam "Nordhalben"]
[BlackTeam "Bamberg II"]
[WhiteTeamCountry "GER"]
[BlackTeamCountry "GER"]

1. Nf3 Nf6 2. g3 g6 3. b3 Bg7 4. Bb2 0-0 5. Bg2 d5 6. d4 c5 7. 0-0 cxd4 8. Nxd4 Re8 9. Nd2 e5 10. Nb5 Nc6 11. c4 d4 12. Ba3 Bf8 13. Bxf8 Rxf8 14. Qc1 a6 15. Na3 Bg4 16. Re1 Qd7 17. Nc2 Rad8 18. Ne4 Nxe4 19. Bxe4 Be6 20. Rd1 f5 21. Bg2 f4 22. Ne1 fxg3 23. hxg3 Rf5 24. Nd3 b6 25. Qa3 Rh5 26. Qxa6 Bh3 27. Bd5+ Be6 28. Bh1 Bf5 29. Bd5+ Be6 30. Bg2 1/2-1/2

[Event "Oberliga Bayern 0506"]
[Site "Bayern"]
[Date "2006.01.15"]
[Round "5.8"]
[White "Riedel, Lutz"]
[Black "Mikuta, Alexander"]
[Result "0-1"]
[WhiteElo "1995"]
[BlackElo "1927"]
[PlyCount "98"]
[EventDate "2005.10.23"]
[EventType "team-tourn"]
[EventRounds "9"]
[EventCountry "GER"]
[SourceTitle "EXT 2007"]
[Source "ChessBase"]
[SourceDate "2006.11.23"]
[SourceVersion "1"]
[SourceVersionDate "2006.11.23"]
[SourceQuality "1"]
[WhiteTeam "Krumbach"]
[BlackTeam "Bamberg SC"]
[WhiteTeamCountry "GER"]
[BlackTeamCountry "GER"]

1. c4 Nf6 2. Nc3 d5 3. cxd5 Nxd5 4. g3 g6 5. Bg2 Nxc3 6. bxc3 Bg7 7. Nf3 0-0 8. 0-0 c6 9. a4 e5 10. Ba3 Re8 11. h4 h6 12. Qc2 Qc7 13. d3 Bg4 14. Rab1 Nd7 15. Nh2 Be6 16. c4 Rab8 17. Bc1 Nf6 18. Be3 a6 19. Qc1 Kh7 20. f3 Nh5 21. Bb6 Qd7 22. Bf2 f5 23. Qc2 Rg8 24. Rfd1 Qe7 25. Nf1 Rbd8 26. Bh3 Bf6 27. Kh2 Kh8 28. e3 g5 29. hxg5 hxg5 30. g4 fxg4 31. fxg4 Qh7 32. Kg2 Nf4+ 33. exf4 gxf4 34. Qe2 Rg6 35. d4 Rdg8 36. Nh2 Rh6 37. Rb3 e4 38. Rh1 b5 39. axb5 axb5 40. d5 bxc4 41. Qxc4 Bxd5 42. Qb4 f3+ 43. Kf1 Bxb3 44. Qxb3 Rxh3 45. Qe6 Qe7 46. Qxc6 Rd8 47. Qc1 Qd6 48. Nxf3 Rxh1+ 49. Ng1 Qd1+ 0-1

[Event "Landesliga Nord 0405"]
[Site "Bayern"]
[Date "2004.11.28"]
[Round "3.8"]
[White "Mikuta, Alexander"]
[Black "Wagner, Florian"]
[Result "1-0"]
[WhiteElo "1869"]
[BlackElo "1920"]
[PlyCount "53"]
[EventDate "2004.10.24"]
[EventType "team-tourn"]
[EventRounds "9"]
[EventCountry "GER"]
[SourceTitle "EXT 2008"]
[Source "ChessBase"]
[SourceDate "2007.11.25"]
[SourceVersion "1"]
[SourceVersionDate "2007.11.25"]
[SourceQuality "1"]
[WhiteTeam "Bamberg SC II"]
[BlackTeam "Nuernberg NT II"]
[WhiteTeamCountry "GER"]
[BlackTeamCountry "GER"]

1. e4 c5 2. Nf3 Nc6 3. d4 cxd4 4. Nxd4 Nf6 5. Nc3 e5 6. Ndb5 d6 7. Bg5 a6 8. Na3 b5 9. Bxf6 gxf6 10. Nd5 f5 11. Bd3 Be6 12. c3 Bg7 13. Qh5 f4 14. Nc2 Bxd5 15. exd5 Ne7 16. Be4 Qc8 17. 0-0 Kf8 18. g4 Qc4 19. Rfe1 Nxd5 20. Na3 Qc5 21. b4 Nxb4 22. cxb4 Qxb4 23. Nc2 Qa4 24. Bxa8 Qxc2 25. Bd5 Qg6 26. Qxg6 hxg6 27. Rac1 1-0